[Event "34th Olympiad Women"]
[Site "Istanbul TUR"]
[Date "2000.11.08"]
[Round "11"]
[White "Palao, M."]
[Black "Piarnpuu, L."]
[Result "1/2-1/2"]
[WhiteElo "2159"]
[BlackElo "2227"]
[PlyCount "111"]
[EventDate "2000.10.28"]

1. d4 e6 2. c4 f5 3. Nf3 Nf6 4. g3 d5 5. Bg2 c6 6. Qc2 Bd6 7. O-O O-O 8. b3 Qe7
9. Bb2 b6 10. a3 a5 11. Nbd2 Bb7 12. Ne5 Na6 13. cxd5 cxd5 14. Qd3 Rfc8 15.
Ndf3 Ne4 16. Rfc1 Rxc1+ 17. Bxc1 Nc7 18. Bb2 Ba6 19. Qc2 Bb7 20. Rc1 Qe8 21.
Qd3 Rc8 22. Bf1 Ba6 23. Qe3 Nb5 24. a4 Na7 25. h3 Bb4 26. Nd3 Bd6 27. Nde5 Nc6
28. Nxc6 Rxc6 29. Ne5 Rc8 30. g4 Bb4 31. gxf5 Bd2 32. Rxc8 Qxc8 33. Qf3 exf5
34. Qh5 Qe6 35. h4 Be1 36. f3 Nf6 37. Qg5 h6 38. Qg6 Bxh4 39. Bh3 Bc8 40. Bc1
Nh7 41. Bxh6 Qxg6+ 42. Nxg6 Bf6 43. Be3 Ng5 44. Bg2 Ne6 45. Ne5 g5 46. Kf1 Kg7
47. Bh3 Nc7 48. Bf2 Be6 49. Ke1 Be7 50. Nd3 Bd6 51. Kf1 Kf6 52. Be1 Na6 53. Bd2
Be7 54. Bc3 Bd6 55. Bd2 Be7 56. Bc3 1/2-1/2

[Event "34th Olympiad Women"]
[Site "Istanbul TUR"]
[Date "2000.11.09"]
[Round "12"]
[White "Zuriel, M."]
[Black "Piarnpuu, L."]
[Result "1/2-1/2"]
[WhiteElo "2089"]
[BlackElo "2227"]
[PlyCount "83"]
[EventDate "2000.10.28"]

1. e4 e5 2. Nf3 Nc6 3. d4 exd4 4. Nxd4 Bc5 5. Be3 Qf6 6. c3 Nge7 7. g3 d5 8.
Bg2 Nxd4 9. cxd4 Bb4+ 10. Nc3 Bxc3+ 11. bxc3 dxe4 12. Bxe4 c6 13. O-O Be6 14.
Re1 h6 15. Rb1 O-O 16. Rxb7 Bxa2 17. d5 cxd5 18. Bd4 Qc6 19. Qg4 g6 20. Qf4
dxe4 21. Qxh6 f6 22. Rxe7 Bf7 23. R1xe4 Rab8 24. Re1 Rfe8 25. Rxe8+ Rxe8 26.
Rxe8+ Bxe8 27. Qe3 Bd7 28. Qh6 Be8 29. Qf4 Kf7 30. h4 Bd7 31. Kh2 a5 32. c4 Bc8
33. Bc3 Bb7 34. f3 Qxf3 35. Qxf3 Bxf3 36. Bxa5 Ke6 37. Kg1 Be2 38. c5 Kd5 39.
Kf2 Bg4 40. Bb4 Bd7 41. Ke3 f5 42. Kf4 1/2-1/2

[Event "34th Olympiad Women"]
[Site "Istanbul TUR"]
[Date "2000.11.12"]
[Round "14"]
[White "Piarnpuu, L."]
[Black "Muller, A."]
[Result "1-0"]
[WhiteElo "2227"]
[BlackElo "2135"]
[PlyCount "81"]
[EventDate "2000.10.28"]

1. Nf3 Nf6 2. c4 b6 3. Nc3 Bb7 4. d4 e6 5. a3 d5 6. Bg5 Be7 7. e3 O-O 8. Rc1 h6
9. Bxf6 Bxf6 10. cxd5 exd5 11. Be2 Re8 12. O-O c6 13. b4 Nd7 14. Qb3 Nf8 15.
Rfd1 Ne6 16. Bd3 Qe7 17. b5 Red8 18. bxc6 Bxc6 19. Rc2 Rac8 20. Ba6 Rc7 21.
Rdc1 g6 22. a4 h5 23. h3 Bg7 24. Nd1 Be8 25. Nc3 Bc6 26. Na2 Ba8 27. Nb4 Rxc2
28. Rxc2 g5 29. Nd3 g4 30. hxg4 hxg4 31. Nfe5 Qg5 32. Rc8 Rxc8 33. Bxc8 g3 34.
f4 Qh5 35. Nf3 Nf8 36. Qb5 Ng6 37. Qe8+ Bf8 38. Ba6 Nh4 39. Nde5 Bc6 40. Qxc6
f6 41. Qxf6 1-0

[Event "34th Olympiad Women"]
[Site "Istanbul TUR"]
[Date "2000.10.29"]
[Round "2"]
[White "Bashkite, V."]
[Black "Prudnikova, S."]
[Result "0-1"]
[WhiteElo "2052"]
[BlackElo "2428"]
[PlyCount "56"]
[EventDate "2000.10.28"]

1. Nf3 d5 2. e3 g6 3. c4 e6 4. Nc3 Bg7 5. d4 Ne7 6. b3 O-O 7. Ba3 Re8 8. Be2
Nbc6 9. Rc1 a6 10. O-O b6 11. Qd2 Bb7 12. Rfd1 Qd7 13. Ne1 Rad8 14. cxd5 exd5
15. Bf3 Na7 16. Nd3 f6 17. Nf4 Nac8 18. h3 c6 19. Na4 Nf5 20. Bg4 h5 21. Bxf5
Qxf5 22. Qd3 Qxd3 23. Rxd3 Kf7 24. Rdc3 Bh6 25. Nd3 Re6 26. Nb4 Bf8 27. Nxc6
Rxc6 28. Rxc6 Bxc6 0-1

[Event "34th Olympiad Women"]
[Site "Istanbul TUR"]
[Date "2000.11.02"]
[Round "6"]
[White "Steffensen, E."]
[Black "Bashkite, V."]
[Result "1/2-1/2"]
[WhiteElo "2068"]
[BlackElo "2052"]
[PlyCount "62"]
[EventDate "2000.10.28"]

1. e4 c5 2. Nc3 Nc6 3. f4 g6 4. Nf3 Bg7 5. Bc4 e6 6. f5 Nge7 7. fxe6 dxe6 8.
O-O O-O 9. d3 Na5 10. Qe1 Nxc4 11. dxc4 Nc6 12. Bg5 Qa5 13. Qh4 Qb4 14. Bh6
Qxb2 15. Na4 Qf6 16. Bg5 Qxa1 17. Rxa1 Bxa1 18. c3 f6 19. Bxf6 b6 20. Ng5 h5
21. e5 Bd7 22. g4 Nxe5 23. Bxe5 Rad8 24. gxh5 Bxa4 25. Qg4 Rd1+ 26. Kg2 Rf5 27.
Nf3 Bc6 28. Qxg6+ Kf8 29. Qg7+ Ke8 30. Qg8+ Ke7 31. Qg7+ Ke8 1/2-1/2